Matematické modely a softvér na analýzu obrazu v archeológii
Gespeichert in:
| 1. Verfasser: | |
|---|---|
| Weitere Verfasser: | |
| Format: | Manuskript Buch |
| Sprache: | Slowakisch |
| Veröffentlicht: |
2025
|
| Schlagworte: | |
| Online-Zugang: | http://is.stuba.sk/zp/portal_zp.pl?podrobnosti=181815 CRZP |
| Tags: |
Keine Tags, Fügen Sie das erste Tag hinzu!
|
MARC
| LEADER | 00000ntm a22000003a 4500 | ||
|---|---|---|---|
| 001 | stuzp106051 | ||
| 003 | SK-STU | ||
| 005 | 20250728134508.8 | ||
| 007 | ta | ||
| 008 | 150427s2015----xo-----f-mn---000-0-slo-d | ||
| 040 | |a STU |b slo | ||
| 041 | 0 | |a slo | |
| 100 | 1 | |a Lukoťková, Patrícia |u 010220 |4 aut |U SvF Stavebná fakulta |T SvF Katedra matematiky a deskriptívnej geometrie |X 110057 |U V220 |Y 23 |7 110057 | |
| 242 | 0 | 1 | |a Mathematical models and software for image analysis in archaeology |y eng |
| 245 | 1 | 0 | |a Matematické modely a softvér na analýzu obrazu v archeológii |
| 260 | |c 2025 | ||
| 650 | 4 | |a GeoTIFF |2 eng | |
| 650 | 4 | |a Hough Transform |2 eng | |
| 650 | 4 | |a difference of Gaussians |2 eng | |
| 650 | 4 | |a image segmentation |2 eng | |
| 650 | 4 | |a Curve evolution |2 eng | |
| 650 | 4 | |a rozdiel Gaussiánov |2 slo | |
| 650 | 4 | |a segmentácia obrazu |2 slo | |
| 650 | 4 | |a Houghova transformácia |2 slo | |
| 650 | 4 | |a Vývoj krivky |2 slo | |
| 650 | 4 | |a GeoTIFF |2 slo | |
| 700 | 1 | |a Ambroz, Martin |u 010220 |k Z2 |4 ths |U SvF Stavebná fakulta |T SvF Katedra matematiky a deskriptívnej geometrie |X 77075 |U V220 |Y 23 |7 77075 | |
| 856 | 4 | |u http://is.stuba.sk/zp/portal_zp.pl?podrobnosti=181815 | |
| 856 | 4 | |u https://opac.crzp.sk/?fn=detailBiblioForm&sid=226A7A544DA3649F6A513FE9F6D0 |z CRZP | |